[Event "Ceske Budejovice op-A"]
[Site "Ceske Budejovice"]
[Date "2025.07.06"]
[Round "9"]
[White "Radovic, Stefan"]
[Black "Mrozowski, Nikodem"]
[Result "1-0"]
[WhiteElo "1977"]
[BlackElo "1927"]
[PlyCount "86"]
[EventDate "2025.06.28"]
[EventType "swiss"]
[EventRounds "9"]
[EventCountry "CZE"]
[SourceTitle "CB28_2025"]
[SourceDate "2025.07.09"]
[SourceVersion "1"]
[SourceVersionDate "2025.07.09"]
[SourceQuality "1"]

1. Nf3 d5 2. g3 g6 3. Bg2 Bg7 4. d4 Nf6 5. c4 dxc4 6. Na3 c3 7. bxc3 c5 8. 0-0 0-0 9. Bb2 Nc6 10. Nc4 Be6 11. Nce5 Nxe5 12. Nxe5 Bd5 13. Bxd5 Qxd5 14. Qb3 Qe4 15. Rfe1 Ng4 16. Nxg4 Qxg4 17. e4 h5 18. Kg2 h4 19. h3 Qg5 20. Bc1 Qf6 21. Be3 hxg3 22. fxg3 Qc6 23. d5 Qc7 24. Bf4 Be5 25. Rf1 b6 26. Rae1 Kg7 27. c4 Qd6 28. Re2 f6 29. Qf3 Rh8 30. Qg4 Rad8 31. Bxe5 Qxe5 32. h4 Qd4 33. Qe6 Rde8 34. e5 f5 35. d6 exd6 36. Qf6+ Kh7 37. h5 Rhf8 38. Qxg6+ Kh8 39. Qh6+ Kg8 40. Qg6+ Kh8 41. Rxf5 dxe5 42. Qh6+ Kg8 43. Rg5+ Kf7 1-0

[Event "Ceske Budejovice op-A"]
[Site "Ceske Budejovice"]
[Date "2025.07.03"]
[Round "6"]
[White "Radovic, Stefan"]
[Black "Kulpa, Zuzanna"]
[Result "1-0"]
[WhiteElo "1977"]
[BlackElo "1935"]
[PlyCount "91"]
[EventDate "2025.06.28"]
[EventType "swiss"]
[EventRounds "9"]
[EventCountry "CZE"]
[SourceTitle "CB28_2025"]
[SourceDate "2025.07.09"]
[SourceVersion "1"]
[SourceVersionDate "2025.07.09"]
[SourceQuality "1"]

1. Nf3 d5 2. g3 Nf6 3. Bg2 c6 4. c4 dxc4 5. 0-0 Bf5 6. a4 e6 7. Na3 Nbd7 8. Nxc4 Nb6 9. Nce5 Bd6 10. a5 Nbd7 11. Nc4 Be7 12. d3 0-0 13. Nd4 Bg4 14. a6 b6 15. Nxc6 Qe8 16. Nxe7+ Qxe7 17. Bxa8 Rxa8 18. Bg5 Qc5 19. Bxf6 Nxf6 20. Qd2 Rd8 21. Ne3 Bh3 22. Rfc1 Qg5 23. Qc3 h5 24. Ra4 e5 25. Rc4 Be6 26. h4 Qg6 27. Qxe5 Bxc4 28. Rxc4 Re8 29. Qg5 Re7 30. Rc8+ Kh7 31. Rb8 Rc7 32. Rb7 Rc1+ 33. Kg2 Ne8 34. Qxg6+ Kxg6 35. Rxa7 Ra1 36. Nd5 b5 37. Ra8 Nd6 38. a7 Nf5 39. Nc7 Nd4 40. e3 Nc6 41. Nxb5 Ra5 42. Rc8 Nxa7 43. Nxa7 Rxa7 44. Rb8 Rd7 45. d4 Kf5 46. Kf3 1-0

[Event "Ceske Budejovice op-A"]
[Site "Ceske Budejovice"]
[Date "2025.06.30"]
[Round "3"]
[White "Dudasko, Mario"]
[Black "Radovic, Stefan"]
[Result "1/2-1/2"]
[WhiteElo "1913"]
[BlackElo "1977"]
[PlyCount "135"]
[EventDate "2025.06.28"]
[EventType "swiss"]
[EventRounds "9"]
[EventCountry "CZE"]
[SourceTitle "CB28_2025"]
[SourceDate "2025.07.09"]
[SourceVersion "1"]
[SourceVersionDate "2025.07.09"]
[SourceQuality "1"]

1. e4 e5 2. Nf3 Nc6 3. d4 exd4 4. Bc4 Nf6 5. e5 d5 6. Bb5 Nd7 7. 0-0 Be7 8. Re1 0-0 9. Bxc6 bxc6 10. Nxd4 Nb8 11. Nc3 c5 12. Nb3 Be6 13. Qf3 Nc6 14. Qg3 Kh8 15. Rd1 d4 16. Ne4 Qd5 17. f3 Nxe5 18. Nc3 Qc4 19. Nd2 Qa6 20. Qxe5 dxc3 21. Ne4 Rad8 22. Bh6 f6 23. Qxc7 gxh6 24. Qxe7 Rde8 25. Qxc5 cxb2 26. Rab1 Qxa2 27. Qc3 Rc8 28. Rxb2 Rxc3 29. Rxa2 Bxa2 30. Nxc3 Be6 31. Rd6 Re8 32. Nb5 Bf5 33. Nd4 Bg6 34. Rxf6 Rc8 35. Ra6 Bxc2 36. Nxc2 Rxc2 37. Rxa7 Kg8 38. h4 Rb2 39. Kh2 Rc2 40. Kh3 Rb2 41. g4 Rb4 42. Kg3 Rc4 43. Re7 Ra4 44. Kf2 h5 45. Re4 Ra2+ 46. Re2 Ra4 47. Re4 Ra2+ 48. Kg3 hxg4 49. fxg4 Kg7 50. h5 Kf6 51. Kf4 Rf2+ 52. Kg3 Ra2 53. Rf4+ Kg7 54. g5 Ra1 55. Kg4 Ra5 56. h6+ Kg8 57. Re4 Ra8 58. Re7 Rb8 59. Kf5 Ra8 60. Kf6 Rf8+ 61. Ke6 Ra8 62. Rd7 Rb8 63. Ke7 Ra8 64. Rd8+ Rxd8 65. Kxd8 Kf7 66. Kd7 Kg6 67. Ke6 Kxg5 68. Ke5 1/2-1/2

[Event "Prague Summer op"]
[Site "Prague"]
[Date "2024.08.03"]
[Round "2"]
[White "Golenia, Wojciech"]
[Black "Radovic, Stefan"]
[Result "1-0"]
[WhiteElo "2212"]
[BlackElo "1967"]
[PlyCount "59"]
[EventDate "2024.08.02"]
[EventType "swiss"]
[EventRounds "9"]
[EventCountry "CZE"]
[SourceTitle "CBM 221 Extra"]
[Source "ChessBase"]
[SourceDate "2024.09.30"]
[SourceVersion "1"]
[SourceVersionDate "2024.09.30"]
[SourceQuality "1"]

1. d4 d5 2. c4 e6 3. Nf3 Nf6 4. g3 Bb4+ 5. Bd2 Be7 6. Bg2 0-0 7. 0-0 c6 8. Qc2 Nbd7 9. Rd1 b6 10. Bf4 Ba6 11. Nbd2 Rc8 12. Rac1 dxc4 13. Nxc4 Nd5 14. Bd6 Bxc4 15. Bxe7 Qxe7 16. Qxc4 c5 17. e4 N5f6 18. e5 Nd5 19. a3 h6 20. Qa6 Nb8 21. Qe2 Nc6 22. dxc5 bxc5 23. Rc2 Nb6 24. Qe4 Rfd8 25. Rxd8+ Nxd8 26. h4 Nc6 27. Bf1 Nd5 28. Bc4 Nd4 29. Nxd4 cxd4 30. Bd3 1-0

[Event "Ceske Budejovice op-A"]
[Site "Ceske Budejovice"]
[Date "2022.07.04"]
[Round "4"]
[White "Hrbek, Jachym"]
[Black "Radovic, Stefan"]
[Result "0-1"]
[WhiteElo "1695"]
[BlackElo "2018"]
[PlyCount "46"]
[EventDate "2022.07.01"]
[EventType "swiss"]
[EventRounds "9"]
[EventCountry "CZE"]
[SourceTitle "CBM 209 Extra"]
[Source "ChessBase"]
[SourceDate "2022.09.30"]
[SourceVersion "1"]
[SourceVersionDate "2022.09.30"]
[SourceQuality "1"]

1. d4 d5 2. Bf4 Nf6 3. e3 c5 4. Nf3 Nc6 5. Nbd2 e6 6. c3 Be7 7. Bd3 Nh5 8. Bg3 g6 9. Qe2 0-0 10. dxc5 Nxg3 11. hxg3 e5 12. Bc2 Bxc5 13. b4 Bd6 14. 0-0-0 Bg4 15. Rh6 e4 16. Rdh1 exf3 17. gxf3 Qf6 18. Rxh7 Qxc3 19. Nb1 Qf6 20. fxg4 Nxb4 21. Qf1 Rac8 22. Qh3 Rxc2+ 23. Kd1 Qf3+ 0-1

[Event "Ceske Budejovice op-A"]
[Site "Ceske Budejovice"]
[Date "2022.07.03"]
[Round "3"]
[White "Kosut, Tomas"]
[Black "Radovic, Stefan"]
[Result "1-0"]
[WhiteElo "1820"]
[BlackElo "2018"]
[PlyCount "223"]
[EventDate "2022.07.01"]
[EventType "swiss"]
[EventRounds "9"]
[EventCountry "CZE"]
[SourceTitle "CBM 209 Extra"]
[Source "ChessBase"]
[SourceDate "2022.09.30"]
[SourceVersion "1"]
[SourceVersionDate "2022.09.30"]
[SourceQuality "1"]

1. e4 c5 2. Nf3 Nc6 3. d4 cxd4 4. Nxd4 Nf6 5. Nc3 e5 6. Ndb5 d6 7. Bg5 a6 8. Na3 b5 9. Bxf6 gxf6 10. Nd5 f5 11. exf5 Bxf5 12. c3 Bg7 13. Qf3 Be6 14. Nf6+ Qxf6 15. Qxc6+ Ke7 16. Qb7+ Bd7 17. Nc2 Rhb8 18. Qc7 Rc8 19. Qb7 Ke8 20. Nb4 Bh6 21. Rd1 Bg4 22. Nd5 Qd8 23. Be2 Bd7 24. Nb6 Bc6 25. Nxc8 Bxb7 26. Nxd6+ Kf8 27. Nxb7 Qe7 28. Nd6 Rd8 29. Nf5 Rxd1+ 30. Bxd1 Qg5 31. Nxh6 Qxh6 32. 0-0 Qd2 33. Bb3 Qxb2 34. c4 b4 35. h3 a5 36. c5 Qc3 37. Rd1 Qxc5 38. Rd7 Qc1+ 39. Kh2 Qf4+ 40. Kg1 Qc1+ 41. Kh2 Qf4+ 42. Kg1 e4 43. Rd4 Kg7 44. Kf1 Qc1+ 45. Ke2 Qa3 46. Rxe4 a4 47. Rg4+ Kf8 48. Bc4 Qb2+ 49. Ke3 Qc3+ 50. Ke2 f6 51. g3 Ke7 52. Bg8 Qc2+ 53. Ke3 Kd6 54. Rd4+ Kc5 55. Rd5+ Kc6 56. Rd4 Qc1+ 57. Ke2 Qb2+ 58. Ke3 Qc1+ 59. Ke2 Qb2+ 60. Ke3 h6 61. h4 Kc5 62. Rd5+ Kc6 63. Rd4 Qc3+ 64. Rd3 Qe5+ 65. Kd2 Qe8 66. Bd5+ Kc5 67. f4 h5 68. f5 Qe5 69. Be6 Qb2+ 70. Ke3 Qg2 71. Kf4 Qf2+ 72. Ke4 Qe2+ 73. Re3 Qd2 74. Rd3 Qe2+ 75. Re3 Qg2+ 76. Rf3 Qc2+ 77. Rd3 Qc1 78. Rd5+ Kc6 79. Rd3 Qh1+ 80. Ke3 Kc5 81. Kf2 Qe4 82. Rd7 b3 83. axb3 axb3 84. Rc7+ Kb6 85. Rc4 Qc2+ 86. Ke3 Qg2 87. Rb4+ Ka5 88. Rxb3 Qxg3+ 89. Kd4 Qxh4+ 90. Kc5 Qf2+ 91. Kc6 Qc2+ 92. Kd6 Qe2 93. Ke7 Qe5 94. Rh3 Qe2 95. Kxf6 Qg4 96. Rb3 h4 97. Ke7 h3 98. f6 Qf4 99. Rxh3 Qc7+ 100. Ke8 Qd6 101. Kf7 Kb6 102. Rb3+ Kc5 103. Rc3+ Kd4 104. Rc8 Ke4 105. Re8 Kf3 106. Re7 Qc5 107. Kf8 Kf4 108. f7 Ke5 109. Ke8 Kd6 110. f8Q Qc6+ 111. Rd7+ Kxe6 112. Qh6+ 1-0

[Event "Senta op 25th"]
[Site "Senta"]
[Date "2021.07.24"]
[Round "9"]
[White "Farkas, Sandor I"]
[Black "Radovic, Stefan"]
[Result "1/2-1/2"]
[WhiteElo "2038"]
[BlackElo "1985"]
[PlyCount "61"]
[EventDate "2021.07.17"]
[EventType "swiss"]
[EventRounds "9"]
[EventCountry "SRB"]
[SourceTitle "EXT 2022"]
[Source "ChessBase"]
[SourceDate "2021.10.06"]
[SourceVersion "1"]
[SourceVersionDate "2021.10.06"]
[SourceQuality "1"]

1. d4 Nf6 2. Nc3 d5 3. Bf4 c5 4. e3 cxd4 5. exd4 a6 6. Nf3 Nc6 7. h3 Bf5 8. g4 Bc8 9. a3 e6 10. Bd3 Be7 11. Qd2 b5 12. Qe3 Qb6 13. Ne2 Bb7 14. c3 Na5 15. Ng3 Nc4 16. Qe2 Bd6 17. Ne5 Bxe5 18. Bxe5 Nxe5 19. Qxe5 0-0-0 20. 0-0-0 Qd6 21. f4 Bc6 22. Rde1 a5 23. f5 Qxe5 24. Rxe5 Nd7 25. Re2 e5 26. dxe5 d4 27. Be4 Nxe5 28. Bxc6 Nxc6 29. cxd4 Rxd4 30. Rc2 Kd7 31. Rd1 1/2-1/2

[Event "Paracin Summer op 14th"]
[Site "Paracin"]
[Date "2021.07.10"]
[Round "2"]
[White "Radovic, Stefan"]
[Black "Rakshitta, Ravi"]
[Result "1-0"]
[WhiteElo "1985"]
[BlackElo "2190"]
[PlyCount "101"]
[EventDate "2021.07.09"]
[EventType "swiss"]
[EventRounds "9"]
[EventCountry "SRB"]
[SourceTitle "EXT 2022"]
[Source "ChessBase"]
[SourceDate "2021.10.06"]
[SourceVersion "1"]
[SourceVersionDate "2021.10.06"]
[SourceQuality "1"]

1. e4 e5 2. Nf3 Nc6 3. Bc4 Bc5 4. c3 Nf6 5. d4 exd4 6. e5 d5 7. Bb5 Ne4 8. cxd4 Bb6 9. Nc3 0-0 10. Be3 Bg4 11. h3 Bh5 12. Qc2 Bg6 13. Qb3 Ne7 14. 0-0 c6 15. Bd3 c5 16. dxc5 Bxc5 17. Bxe4 dxe4 18. Bxc5 exf3 19. Qxb7 Re8 20. Qxf3 Nd5 21. Rfe1 Qc7 22. b4 a5 23. Nb5 Qd7 24. Nd6 Reb8 25. a3 Ne7 26. Rad1 axb4 27. axb4 Qe6 28. Qg4 Qb3 29. e6 fxe6 30. Qxe6+ Qxe6 31. Rxe6 Nf5 32. Nxf5 Bxf5 33. Re7 Re8 34. Rde1 Rxe7 35. Rxe7 Ra1+ 36. Kh2 Rb1 37. Kg3 Bd3 38. h4 Rb3 39. Kf4 Bf1 40. g3 Bg2 41. Ke5 Rd3 42. Re8+ Kf7 43. Rf8+ Kg6 44. Rf4 h6 45. Rd4 Rf3 46. Rd6+ Kf7 47. Be3 Bh3 48. Kd4 Be6 49. h5 Ke7 50. Ke5 Rf6 51. Bc5 1-0

[Event "Paracin Summer op 14th"]
[Site "Paracin"]
[Date "2021.07.09"]
[Round "1"]
[White "Peycheva, Gergana"]
[Black "Radovic, Stefan"]
[Result "1-0"]
[WhiteElo "2280"]
[BlackElo "1985"]
[PlyCount "127"]
[EventDate "2021.07.09"]
[EventType "swiss"]
[EventRounds "9"]
[EventCountry "SRB"]
[SourceTitle "EXT 2022"]
[Source "ChessBase"]
[SourceDate "2021.10.06"]
[SourceVersion "1"]
[SourceVersionDate "2021.10.06"]
[SourceQuality "1"]

1. d4 d5 2. c4 e6 3. Nc3 Bb4 4. Nf3 Nf6 5. Bg5 h6 6. Bxf6 Qxf6 7. Qc2 0-0 8. e3 dxc4 9. Bxc4 c5 10. a3 cxd4 11. axb4 dxc3 12. bxc3 e5 13. 0-0 Bf5 14. e4 Bg4 15. Nd2 Nc6 16. Bd5 Rac8 17. Qb2 a6 18. Nb3 Rc7 19. Nc5 Nd8 20. h3 Bc8 21. Rfd1 Ne6 22. Bxe6 Bxe6 23. Rd6 Rd8 24. Rad1 Rxd6 25. Rxd6 Qe7 26. Qd2 Bc8 27. Qd3 Qg5 28. Qd2 Qxd2 29. Rxd2 b6 30. Na4 Be6 31. Rd8+ Kh7 32. Ra8 Bb3 33. Nxb6 Rxc3 34. Rxa6 Rc1+ 35. Kh2 Rb1 36. Nd7 f6 37. Ra7 Kg8 38. Rb7 Bc4 39. Nc5 Rb2 40. Kg3 h5 41. h4 Kh7 42. Rb8 Kg6 43. Kf3 Be2+ 44. Ke3 Bf1 45. Kf3 Be2+ 46. Kg3 Bc4 47. Rb7 Kh6 48. Rb6 Kg6 49. Nb7 Rb3+ 50. Kh2 Rb2 51. Nd6 Bf1 52. Rb7 Rxf2 53. Nf5 Kh7 54. Nxg7 Ba6 55. Ra7 Kg8 56. Nxh5 Bd3 57. Ng3 Rf4 58. h5 Rh4+ 59. Kg1 Bxe4 60. b5 Bd5 61. Nf5 Rxh5 62. Ne7+ Kf8 63. Nxd5 e4 64. b6 1-0

[Event "Pardubice Czech op-A 30th"]
[Site "Pardubice"]
[Date "2019.07.23"]
[Round "5"]
[White "Gazik, Igor"]
[Black "Radovic, Stefan"]
[Result "1/2-1/2"]
[WhiteElo "2258"]
[BlackElo "2013"]
[PlyCount "87"]
[EventDate "2019.07.19"]
[EventType "swiss"]
[EventRounds "9"]
[EventCountry "CZE"]
[SourceTitle "CBM 191"]
[Source "ChessBase"]
[SourceDate "2019.08.31"]
[SourceVersion "1"]
[SourceVersionDate "2019.08.31"]
[SourceQuality "1"]

1. e4 c5 2. Nc3 Nc6 3. g3 g6 4. Bg2 Bg7 5. d3 e6 6. Be3 d6 7. Qd2 Rb8 8. Nf3 Nf6 9. h3 0-0 10. 0-0 e5 11. Nh4 Be6 12. f4 exf4 13. Bxf4 Nh5 14. Nf3 Nxf4 15. gxf4 f5 16. Ng5 Qd7 17. Nxe6 Qxe6 18. a3 Kh8 19. Rab1 Nd4 20. Nd5 Qd7 21. b4 b5 22. c3 Nc6 23. bxc5 dxc5 24. e5 g5 25. d4 gxf4 26. Qxf4 a5 27. Rfe1 Nd8 28. Rbd1 Ne6 29. Qh4 cxd4 30. cxd4 b4 31. axb4 axb4 32. Qe7 Rfd8 33. Qh4 Rf8 34. Ne7 Rfd8 35. Nxf5 b3 36. Nd6 b2 37. Be4 h6 38. Kh1 Rf8 39. Rf1 Ng5 40. Bb1 Rb3 41. Rxf8+ Bxf8 42. Kg2 Rxh3 43. Qf4 Rf3 44. Qh4 1/2-1/2

[Event "Nis op"]
[Site "Nis"]
[Date "2019.06.28"]
[Round "4"]
[White "Radovic, Stefan"]
[Black "Konaplev, Anton"]
[Result "0-1"]
[WhiteElo "2031"]
[BlackElo "2292"]
[PlyCount "54"]
[EventDate "2019.06.25"]
[EventType "swiss"]
[EventRounds "9"]
[EventCountry "SRB"]
[SourceTitle "EXT 2020"]
[Source "ChessBase"]
[SourceDate "2019.10.17"]
[SourceVersion "1"]
[SourceVersionDate "2019.10.17"]
[SourceQuality "1"]

1. e4 c5 2. Nf3 e6 3. d4 cxd4 4. Nxd4 Nf6 5. Bd3 Nc6 6. Nb3 d5 7. exd5 Nxd5 8. 0-0 Bd6 9. Qh5 Ncb4 10. Bg5 Qc7 11. Bb5+ Kf8 12. c4 Nf4 13. Bxf4 Bxf4 14. N1d2 a6 15. Ba4 Nd3 16. Rab1 Be5 17. f4 Nxf4 18. Qf3 f5 19. g3 Nh3+ 20. Kg2 Ng5 21. Qe3 b5 22. Qxg5 bxa4 23. Nc1 Bb7+ 24. Kf2 Bd4+ 25. Ke2 Qe5+ 26. Kd1 Be3 27. Qh5 Rd8 0-1

[Event "Nis op"]
[Site "Nis"]
[Date "2019.06.25"]
[Round "1"]
[White "Tosic, Miroslav"]
[Black "Radovic, Stefan"]
[Result "1-0"]
[WhiteElo "2330"]
[BlackElo "2031"]
[PlyCount "39"]
[EventDate "2019.06.25"]
[EventType "swiss"]
[EventRounds "9"]
[EventCountry "SRB"]
[SourceTitle "EXT 2020"]
[Source "ChessBase"]
[SourceDate "2019.10.17"]
[SourceVersion "1"]
[SourceVersionDate "2019.10.17"]
[SourceQuality "1"]

1. d4 Nf6 2. c4 e5 3. dxe5 Ng4 4. Bf4 Nc6 5. Nf3 Bb4+ 6. Nc3 Qe7 7. Qd5 Bxc3+ 8. bxc3 0-0 9. h3 Nh6 10. Qd3 Re8 11. g4 Kh8 12. Bg2 b6 13. Rd1 Ba6 14. Ng5 g6 15. Qxd7 Qxd7 16. Rxd7 Nxe5 17. Bxe5+ Rxe5 18. Bxa8 Rxg5 19. Bd5 Re5 20. Rxc7 1-0

[Event "Veliko Gradiste Silver Lake op-A"]
[Site "Veliko Gradiste"]
[Date "2019.06.22"]
[Round "8"]
[White "Radovic, Stefan"]
[Black "Psaila, Clarence"]
[Result "1-0"]
[WhiteElo "2031"]
[BlackElo "2033"]
[PlyCount "75"]
[EventDate "2019.06.16"]
[EventType "swiss"]
[EventRounds "9"]
[EventCountry "SRB"]
[SourceTitle "CBM 191 Extra"]
[Source "ChessBase"]
[SourceDate "2019.09.30"]
[SourceVersion "1"]
[SourceVersionDate "2019.09.30"]
[SourceQuality "1"]

1. d4 d5 2. c4 dxc4 3. e4 Nc6 4. Nf3 Nf6 5. Bxc4 Nxe4 6. d5 e6 7. dxc6 Qxd1+ 8. Kxd1 Nxf2+ 9. Kc2 Nxh1 10. Be3 Bd6 11. Nc3 bxc6 12. Rxh1 0-0 13. Ne4 e5 14. Nc5 Bf5+ 15. Kc1 h6 16. Rf1 Bc8 17. Nh4 a5 18. Ng6 Rd8 19. Rxf7 Kh7 20. Ne7 Bg4 21. Bd3+ Kh8 22. Bxh6 Bxe7 23. Bxg7+ Kg8 24. Rxe7 Re8 25. Rxc7 Rac8 26. Ra7 Ra8 27. Rxa8 Rxa8 28. Bxe5 Kf7 29. Bc3 Ke7 30. a4 Rd8 31. Bxa5 Rd5 32. Bb4 Kf6 33. a5 Ke5 34. Kc2 Kd4 35. a6 Bf5 36. a7 Bxd3+ 37. Nxd3 Rd8 38. Bd6 1-0

[Event "Djenovici TS04 IM 3rd"]
[Site "Djenovici"]
[Date "2019.04.21"]
[Round "2"]
[White "Abhilash, Reddy ML"]
[Black "Radovic, Stefan"]
[Result "1-0"]
[WhiteElo "2252"]
[BlackElo "2019"]
[PlyCount "55"]
[EventDate "2019.04.20"]
[EventType "tourn"]
[EventRounds "9"]
[EventCountry "MNE"]
[SourceTitle "CBM 190 Extra"]
[Source "ChessBase"]
[SourceDate "2019.07.15"]
[SourceVersion "1"]
[SourceVersionDate "2019.07.15"]
[SourceQuality "1"]

1. d4 d5 2. Nf3 Nf6 3. c4 c6 4. e3 a6 5. Nc3 Bf5 6. Qb3 Ra7 7. Bd2 e6 8. Rc1 Nbd7 9. c5 e5 10. Nxe5 Nxe5 11. dxe5 Nd7 12. Na4 Nxe5 13. Bc3 Nd7 14. Bd4 Qg5 15. h4 Qd8 16. h5 h6 17. Qc3 Qg5 18. g3 Be4 19. Rh4 Be7 20. Bxg7 Rg8 21. Bd4 Bf3 22. Bd3 Nf6 23. Rf4 Ne4 24. Bxe4 Bxe4 25. Nb6 Qxh5 26. Bf6 Bf8 27. Qd4 Bh7 28. g4 1-0

[Event "Djenovici TS04 IM 3rd"]
[Site "Djenovici"]
[Date "2019.04.20"]
[Round "1"]
[White "Radovic, Stefan"]
[Black "Alivodic, Dario"]
[Result "1-0"]
[WhiteElo "2019"]
[BlackElo "2098"]
[PlyCount "33"]
[EventDate "2019.04.20"]
[EventType "tourn"]
[EventRounds "9"]
[EventCountry "MNE"]
[SourceTitle "CBM 190 Extra"]
[Source "ChessBase"]
[SourceDate "2019.07.15"]
[SourceVersion "1"]
[SourceVersionDate "2019.07.15"]
[SourceQuality "1"]

1. d4 e6 2. c4 d5 3. Nc3 c6 4. e4 dxe4 5. Nxe4 Bb4+ 6. Bd2 Qxd4 7. Bxb4 Qxe4+ 8. Be2 Na6 9. Bd6 c5 10. Nf3 Bd7 11. Ne5 Qd4 12. Nxd7 Rd8 13. Be5 Qxd1+ 14. Rxd1 f6 15. Bh5+ g6 16. Nxf6+ Nxf6 17. Rxd8+ 1-0

[Event "Djenovici TS02 IM 3rd"]
[Site "Djenovici"]
[Date "2019.02.19"]
[Round "5"]
[White "Radovic, Stefan"]
[Black "Tomic, Goran"]
[Result "0-1"]
[WhiteElo "2026"]
[BlackElo "2179"]
[PlyCount "82"]
[EventDate "2019.02.16"]
[EventType "tourn"]
[EventRounds "9"]
[EventCountry "MNE"]
[SourceTitle "CBM 189 Extra"]
[Source "ChessBase"]
[SourceDate "2019.05.31"]
[SourceVersion "1"]
[SourceVersionDate "2019.05.31"]
[SourceQuality "1"]

1. d4 Nf6 2. c4 g6 3. Nc3 Bg7 4. e4 0-0 5. Nf3 d6 6. Be2 Nbd7 7. 0-0 e5 8. Be3 c6 9. d5 c5 10. Ne1 Ne8 11. Nd3 Qe7 12. a3 f5 13. f3 Nef6 14. b4 b6 15. bxc5 Nxc5 16. Nxc5 bxc5 17. Rb1 Nh5 18. Qd2 Nf4 19. exf5 gxf5 20. Bd3 Kh8 21. Bxf4 exf4 22. Ne2 Be5 23. Kh1 Qh4 24. Qe1 Qh6 25. g3 fxg3 26. Nxg3 Qh4 27. Qf2 Bd4 28. Qc2 Be5 29. Qf2 f4 30. Ne4 Qh5 31. Rg1 Bf5 32. Rg5 Qh6 33. Rbg1 Bd4 34. Qc2 Bxg1 35. Rxg1 Bxe4 36. Bxe4 Rab8 37. Bf5 Rb7 38. Be6 Qf6 39. Rg4 Qa1+ 40. Rg1 Qd4 41. Qg2 Rg7 0-1

[Event "Djenovici TS02 IM 3rd"]
[Site "Djenovici"]
[Date "2019.02.18"]
[Round "4"]
[White "Fejzullahu, Afrim"]
[Black "Radovic, Stefan"]
[Result "1/2-1/2"]
[WhiteElo "2243"]
[BlackElo "2026"]
[PlyCount "54"]
[EventDate "2019.02.16"]
[EventType "tourn"]
[EventRounds "9"]
[EventCountry "MNE"]
[SourceTitle "CBM 189 Extra"]
[Source "ChessBase"]
[SourceDate "2019.05.31"]
[SourceVersion "1"]
[SourceVersionDate "2019.05.31"]
[SourceQuality "1"]

1. e4 c5 2. Nf3 g6 3. c3 Bg7 4. d4 cxd4 5. cxd4 d5 6. exd5 Nf6 7. Nc3 Nxd5 8. Qb3 Nxc3 9. bxc3 0-0 10. h4 Nc6 11. h5 e5 12. hxg6 hxg6 13. Bg5 Qc7 14. d5 e4 15. Nd4 Nxd4 16. cxd4 Bxd4 17. Rc1 Qe5 18. Bd2 Bg4 19. Rh4 e3 20. Bxe3 Bxe3 21. Qxe3 Qxd5 22. Bc4 Qxg2 23. Rh8+ Kxh8 24. Qh6+ Kg8 25. Qxg6+ Kh8 26. Qh6+ Kg8 27. Qg5+ Kh8 1/2-1/2

[Event "Krakow op-A 29th"]
[Site "Krakow"]
[Date "2018.12.29"]
[Round "3"]
[White "Fiedorek, Michal"]
[Black "Radovic, Stefan"]
[Result "0-1"]
[WhiteElo "2178"]
[BlackElo "2019"]
[PlyCount "88"]
[EventDate "2018.12.27"]
[EventType "swiss"]
[EventRounds "9"]
[EventCountry "POL"]
[SourceTitle "CBM 189 Extra"]
[Source "ChessBase"]
[SourceDate "2019.05.31"]
[SourceVersion "1"]
[SourceVersionDate "2019.05.31"]
[SourceQuality "1"]

1. e4 e6 2. d4 d5 3. Nd2 dxe4 4. Nxe4 Nd7 5. Bd3 Ngf6 6. Qe2 Be7 7. Nf3 0-0 8. Bg5 c5 9. Nxf6+ Nxf6 10. dxc5 Qa5+ 11. Bd2 Qxc5 12. 0-0-0 b6 13. Kb1 Bb7 14. h4 Rac8 15. Rhg1 Bd5 16. Ne5 Rfd8 17. Bc3 b5 18. Ng4 b4 19. Nxf6+ Bxf6 20. Bxf6 gxf6 21. Qg4+ Kh8 22. Qf4 Kg7 23. b3 Bc6 24. h5 h6 25. Qg4+ Kh8 26. Qf4 Kg7 27. Rde1 Bb5 28. Be4 f5 29. c4 bxc3 30. Bc2 Qa3 31. Qc1 Qxc1+ 32. Kxc1 Rd2 33. g4 Kf6 34. gxf5 exf5 35. f4 Rcd8 36. Re5 Bd3 37. Bxd3 R8xd3 38. Ra5 Rd7 39. Ra6+ Ke7 40. a4 Ra2 41. Kb1 Rdd2 42. Rxa7+ Kd6 43. Ra6+ Kc7 44. Ra7+ Kb6 0-1

[Event "Krakow op-A 29th"]
[Site "Krakow"]
[Date "2018.12.28"]
[Round "2"]
[White "Radovic, Stefan"]
[Black "Pasti, Aron"]
[Result "0-1"]
[WhiteElo "2019"]
[BlackElo "2196"]
[PlyCount "118"]
[EventDate "2018.12.27"]
[EventType "swiss"]
[EventRounds "9"]
[EventCountry "POL"]
[SourceTitle "CBM 189 Extra"]
[Source "ChessBase"]
[SourceDate "2019.05.31"]
[SourceVersion "1"]
[SourceVersionDate "2019.05.31"]
[SourceQuality "1"]

1. d4 d5 2. c4 e6 3. Nc3 Nf6 4. cxd5 exd5 5. Bg5 Be7 6. e3 0-0 7. Bd3 c6 8. Qc2 h6 9. Bf4 Be6 10. Nf3 Nbd7 11. h3 Rc8 12. 0-0 b5 13. Rac1 Qb6 14. Rfd1 Rfd8 15. Ne5 Nxe5 16. Bxe5 Nd7 17. Bf4 a6 18. Bh7+ Kh8 19. Bf5 Bf6 20. Bxe6 fxe6 21. Qg6 Nf8 22. Qg3 Kh7 23. Be5 Ng6 24. Bxf6 gxf6 25. e4 e5 26. exd5 cxd5 27. Ne2 Qe6 28. Qb3 Rc4 29. Qe3 Ne7 30. Ng3 Qd6 31. b3 Rxc1 32. Rxc1 e4 33. Rc5 f5 34. Ne2 Ng6 35. Qc1 Ne7 36. Nf4 Rd7 37. g3 Rb7 38. h4 Rb6 39. h5 Rc6 40. Ng6 Rxc5 41. dxc5 Qc7 42. Nf8+ Kg8 43. Ne6 Qe5 44. Qxh6 Kf7 45. Ng5+ Ke8 46. Nh7 d4 47. Nf6+ Kf7 48. Nd7 Qd5 49. Qf6+ Ke8 50. Ne5 d3 51. Ng6 Nxg6 52. Qxg6+ Kd7 53. c6+ Kc8 54. h6 d2 55. h7 d1Q+ 56. Kh2 Q1d4 57. Qg8+ Qd8 58. Qe6+ Kc7 59. Qxf5 Q8f6 0-1